Pretlačenie lokálne podopretých dosiek s otvormi

Saved in:
Bibliographic Details
Main Author: Augustín, Tomáš (Author)
Other Authors: Fillo, Ľudovít (Thesis advisor)
Format: Manuscript Book
Language:Slovak
Published: 2018
Subjects:
Online Access:http://is.stuba.sk/zp/portal_zp.pl?podrobnosti=120357
Tags: Add Tag
No Tags, Be the first to tag this record!

MARC

LEADER 00000ntm a22000003a 4500
001 stuzp49182
003 SK-STU
005 20180901210432.5
007 ta
008 150427s2015----xo-----f-mn---000-0-slo-d
040 |a STU  |b slo 
041 0 |a slo 
100 1 |a Augustín, Tomáš  |u 010110  |4 aut  |U SvF Stavebná fakulta  |T SvF Katedra betónových konštrukcií a mostov  |X 66784  |U V110  |Y 11  |7 A000066784 
242 0 1 |a Punching Resistance of Flat Slabs with Openings  |y eng 
245 1 0 |a Pretlačenie lokálne podopretých dosiek s otvormi 
260 |c 2018 
650 4 |a pretlačenie  |2 slo 
650 4 |a lokálne podopreté dosky  |2 slo 
650 4 |a otvory  |2 slo 
650 4 |a punching shear  |2 eng 
650 4 |a flat slabs  |2 eng 
650 4 |a openings  |2 eng 
700 1 |a Fillo, Ľudovít  |u 010110  |k Z1  |4 ths  |U SvF Stavebná fakulta  |T SvF Katedra betónových konštrukcií a mostov  |X 932  |U V110  |Y 11  |7 A000000932 
856 4 |u http://is.stuba.sk/zp/portal_zp.pl?podrobnosti=120357 
996 |b 284V041477  |c V* 3439/DP-1369  |l VVS  |s P  |a 0  |w stuzp49182_0001